Everyday irrationality : how pseudo-scientists, lunatics, and the rest of us systematically fail to think rationally /

Bibliographic Details
Main Author: Dawes, Robyn M., 1936-2010
Format: Book
Language:English
Published: Boulder, Colo. : Westview Press, 2001.
Subjects:

MARC

Tag First Indicator Second Indicator Subfields
LEADER 00000cam a2200000 a 4500
001 in00001593708
005 20151023050157.0
008 001108s2001 coua b 001 0 eng
010 |a  00066086  
020 |a 081336552X 
035 |a (OCoLC)ocm45375279 
040 |a DLC  |c DLC  |d C#P  |d UtOrBLW 
049 |a TXAM 
050 0 0 |a BF442  |b .D39 2001 
082 0 0 |a 153.4/3  |2 21 
100 1 |a Dawes, Robyn M.,  |d 1936-2010. 
245 1 0 |a Everyday irrationality :  |b how pseudo-scientists, lunatics, and the rest of us systematically fail to think rationally /  |c Robyn M. Dawes. 
264 1 |a Boulder, Colo. :  |b Westview Press,  |c 2001. 
300 |a xvi, 224 pages :  |b illustrations ;  |c 24 cm. 
336 |a text  |b txt  |2 rdacontent 
337 |a unmediated  |b n  |2 rdamedia 
338 |a volume  |b nc  |2 rdacarrier 
504 |a Includes bibliographical references and index. 
650 0 |a Reasoning. 
650 0 |a Comparision (Psychology) 
945 |i PromptCat 
948 |a cataloged  |b h  |c 2001/4/4  |d c  |e mphillip  |f 12:56:23 pm 
994 |a 92  |b TXA 
999 |a MARS 
999 f f |s 9314a0b4-a1b8-3148-8665-82c2a9b78a78  |i 2d12e6c4-25c6-3549-9d67-e37335b34ef7  |t 0 
952 f f |p ric  |a Texas A&M University  |b Rellis Campus  |c Joint Library Facility  |d Remote Storage  |t 0  |e BF442 .D39 2001  |h Library of Congress classification  |i unmediated -- volume  |m A14827494023 
998 f f |a BF442 .D39 2001  |t 0  |l Remote Storage